书目信息 |
| 题名: |
名利场
|
|
| 作者: | [英]萨克雷 著 | |
| 分册: | ||
| 出版信息: | 北京 商务印书馆 1996.04 |
|
| 页数: | 992页 | |
| 开本: | 32开 | |
| 丛书名: | ||
| 单 册: | ||
| 中图分类: | H319.4 | |
| 科图分类: | ||
| 主题词: | 英语 | |
| 电子资源: | ||
| ISBN: | 7-100-01191-4 | |
| 000 | 00524nam0 2200193 45 | |
| 001 | 0009191732 | |
| 005 | 20000919174110.5 | |
| 010 | @a7-100-01191-4@d34.40元 | |
| 100 | @a20000919d1996 km y0chiy0120 ea | |
| 101 | 0 | @achi |
| 105 | @a z 000yy | |
| 200 | 1 | @a名利场@AMing Li Chang@f[英]萨克雷著@F[Ying]Sa Ke Lei Zhu |
| 210 | @a北京@c商务印书馆@d1996.04 | |
| 215 | @a992页@d32开 | |
| 606 | 0 | @a英语 |
| 690 | @aH319.4@v3 | |
| 701 | 0 | @a[英]萨克雷@4著 |
| 801 | @aCN@bPftUser@c20000919 | |
| 905 | @b149000-004@dH319.4@eSH478@f5 | |
| 名利场/[英]萨克雷著.-北京:商务印书馆,1996.04 |
| 992页;32开 |
| ISBN 7-100-01191-4:34.40元 |
| ● |
| 相关链接 |
|
|
|
正题名:名利场
索取号:H319.4/SH478
 
预约/预借
| 序号 | 登录号 | 条形码 | 馆藏地/架位号 | 状态 | 备注 |
| 1 | 149000 | 201490001 | 语言库209/209语言库 48排7列5层/ [索取号:H319.4/SH478] | 在馆 | |
| 2 | 149001 | 201490010 | 语言库209/209语言库 48排7列5层/ [索取号:H319.4/SH478] | 在馆 | |
| 3 | 149002 | 201490029 | 语言库209/209语言库 48排7列5层/ [索取号:H319.4/SH478] | 在馆 | |
| 4 | 149003 | 201490038 | 语言库209/209语言库 48排7列5层/ [索取号:H319.4/SH478] | 在馆 | |
| 5 | 149004 | 201490047 | 语言库209/209语言库 48排7列5层/ [索取号:H319.4/SH478] | 在馆 |